[Event "Szuperliga - GM Szabo Laszlo"]
[Site "Biatorbagy"]
[Date "2024.02.18"]
[Round "4.2"]
[White "Sipos, Istvan"]
[Black "Livaic, Leon"]
[Result "1/2-1/2"]
[WhiteElo "2457"]
[BlackElo "2561"]
[PlyCount "160"]
[EventDate "2023.10.28"]
[EventType "team-tourn"]
[EventRounds "9"]
[EventCountry "HUN"]
[Source "chess.hu"]
[WhiteTeam "Viadukt Biatorbagy"]
[BlackTeam "Aquarena Kobanya SC"]
[WhiteTeamCountry "HUN"]
[BlackTeamCountry "HUN"]

1. d4 Nf6 2. c4 e6 3. Nc3 d5 4. Nf3 Nbd7 5. Bf4 Bb4 6. Rc1 O-O 7. a3 Bxc3+ 8.
Rxc3 c5 9. dxc5 Nxc5 10. cxd5 Nce4 11. Rd3 exd5 12. e3 Qb6 13. Rb3 Qa5+ 14. Rb4
Nc5 15. Bd6 Re8 16. Bxc5 Qxc5 17. Be2 a5 18. Rd4 Qb6 19. Qb1 g6 20. O-O Bf5 21.
Bd3 Be4 22. Nd2 Rac8 23. h3 Rc6 24. Bxe4 dxe4 25. Rc1 Kg7 26. b4 Rxc1+ 27. Qxc1
axb4 28. Rxb4 Qc6 29. Qb2 Qd5 30. Rxb7 Rd8 31. Rb6 Qxd2 32. Qxf6+ Kg8 33. Rb7
Rf8 34. Kh2 Qd5 35. Rb4 Re8 36. a4 Qa5 37. Rd4 h5 38. h4 Qc7+ 39. Qd6 Qa5 40.
Qf4 Qa8 41. Qf6 Qa5 42. Rd7 Rf8 43. Re7 Qxa4 44. Qf4 Qc6 45. Rxe4 Re8 46. Rxe8+
Qxe8 47. f3 Qd8 48. e4 Qd4 49. Kg3 Qb4 50. Qf6 Qe1+ 51. Kh2 Qe3 52. Qg5 Qe1 53.
Qd8+ Kg7 54. Qd4+ Kg8 55. e5 Kh7 56. Qf4 Kg8 57. Qf6 Qe3 58. Kh3 Qe1 59. Qg5
Qh1+ 60. Kg3 Qe1+ 61. Kh2 Kg7 62. Qf6+ Kg8 63. Qf4 Kg7 64. Qd4 Kg8 65. Qf4 Kg7
66. Kh3 Qh1+ 67. Qh2 Qf1 68. Qf4 Qe2 69. Kg3 Qe1+ 70. Kh2 Kg8 71. Qg3 Qe3 72.
f4 Qe4 73. Qg5 Kg7 74. Qf6+ Kg8 75. Qd8+ Kg7 76. Qd2 Qf5 77. Qe3 Kg8 78. Qf3
Kg7 79. Qg3 Qe4 80. Qg5 Qe3 1/2-1/2

[Event "Szuperliga - GM Szabo Laszlo"]
[Site "Biatorbagy"]
[Date "2024.02.18"]
[Round "4.3"]
[White "Samunenkov, Ihor"]
[Black "Bokros, Albert"]
[Result "1-0"]
[WhiteElo "2539"]
[BlackElo "2406"]
[PlyCount "111"]
[EventDate "2023.10.28"]
[EventType "team-tourn"]
[EventRounds "9"]
[EventCountry "HUN"]
[Source "chess.hu"]
[WhiteTeam "Aquarena Kobanya SC"]
[BlackTeam "Viadukt Biatorbagy"]
[WhiteTeamCountry "HUN"]
[BlackTeamCountry "HUN"]

1. d4 Nf6 2. c4 e6 3. g3 Bb4+ 4. Bd2 Qe7 5. Nf3 b6 6. Bg2 Bb7 7. O-O Bxd2 8.
Qxd2 O-O 9. Rd1 d6 10. Qc2 Be4 11. Qb3 Nbd7 12. Nc3 Bb7 13. Qc2 c5 14. e4 cxd4
15. Nxd4 a6 16. Qe2 Rac8 17. Rac1 Ne5 18. b3 Rfd8 19. h3 Nc6 20. Qe3 Nd7 21.
Nc2 Nc5 22. Rd2 a5 23. Rcd1 Ba6 24. Qf4 e5 25. Qe3 Rb8 26. Nb5 Bxb5 27. cxb5
Nd4 28. Nxd4 exd4 29. Rxd4 Rbc8 30. Qd2 Re8 31. f3 Nb7 32. Bf1 Qf6 33. Kg2 Re5
34. Bc4 Rec5 35. a4 h5 36. Qf4 Qxf4 37. gxf4 Kf8 38. Kg3 g6 39. Kh4 Ke7 40. Bd5
Nd8 41. f5 Rc3 42. fxg6 fxg6 43. f4 Rf3 44. e5 dxe5 45. fxe5 Rf5 46. Bc4 Rxe5
47. Rd7+ Ke8 48. Rg7 Re4+ 49. Kg3 h4+ 50. Kf3 Re5 51. Rd6 Rf5+ 52. Kg4 Nf7 53.
Rdxg6 Rcc5 54. Rxf7 Rxf7 55. Bxf7+ Kxf7 56. Rxb6 1-0

[Event "Szuperliga - GM Szabo Laszlo"]
[Site "Biatorbagy"]
[Date "2024.02.18"]
[Round "4.5"]
[White "Pap, Gyula"]
[Black "Toth, Ervin"]
[Result "1-0"]
[WhiteElo "2471"]
[BlackElo "2420"]
[PlyCount "49"]
[EventDate "2023.10.28"]
[EventType "team-tourn"]
[EventRounds "9"]
[EventCountry "HUN"]
[Source "chess.hu"]
[WhiteTeam "Aquarena Kobanya SC"]
[BlackTeam "Viadukt Biatorbagy"]
[WhiteTeamCountry "HUN"]
[BlackTeamCountry "HUN"]

1. e4 g6 2. d4 Bg7 3. Nf3 d6 4. Nc3 Nf6 5. Be2 O-O 6. O-O Bg4 7. Ng5 Bxe2 8.
Qxe2 c6 9. a4 Na6 10. Rd1 d5 11. h3 Nc7 12. a5 h6 13. Nf3 Ne6 14. a6 b5 15. Ne5
Qd6 16. exd5 Nxd5 17. Nxd5 Qxd5 18. Be3 Rfd8 19. c3 Rab8 20. Nd3 Qd6 21. Qf3
Qd5 22. Nb4 Qxf3 23. gxf3 Rd6 24. d5 cxd5 25. Rxd5 1-0

[Event "Szuperliga - GM Szabo Laszlo"]
[Site "Biatorbagy"]
[Date "2024.02.18"]
[Round "4.6"]
[White "Torma, Robert"]
[Black "Berczes, David"]
[Result "1-0"]
[WhiteElo "2408"]
[BlackElo "2425"]
[PlyCount "63"]
[EventDate "2023.10.28"]
[EventType "team-tourn"]
[EventRounds "9"]
[EventCountry "HUN"]
[Source "chess.hu"]
[WhiteTeam "Viadukt Biatorbagy"]
[BlackTeam "Aquarena Kobanya SC"]
[WhiteTeamCountry "HUN"]
[BlackTeamCountry "HUN"]

1. d4 d5 2. c4 c6 3. Nf3 Nf6 4. g3 Bg4 5. Ne5 Bf5 6. cxd5 cxd5 7. Qa4+ Nbd7 8.
Nc3 a6 9. Qb3 b5 10. g4 Be6 11. Bg2 g6 12. g5 Nxe5 13. dxe5 Nd7 14. Bxd5 Nc5
15. Bc6+ Nd7 16. Qa3 Bg7 17. f4 O-O 18. Be3 Rc8 19. Bf3 Nb6 20. Rd1 Nc4 21.
Rxd8 Rfxd8 22. Qxa6 Nxe3 23. Kf2 Nc4 24. Rd1 Nd2 25. Qxb5 Bc4 26. Qb6 e6 27.
Qe3 Nxf3 28. Rxd8+ Rxd8 29. Qxf3 Bf8 30. Ne4 h5 31. b3 Ba6 32. Nd6 1-0

[Event "Szuperliga - GM Szabo Laszlo"]
[Site "Biatorbagy"]
[Date "2024.02.18"]
[Round "4.7"]
[White "Szabo, Bence"]
[Black "Pribelszky, Bence"]
[Result "1/2-1/2"]
[WhiteElo "2339"]
[BlackElo "2375"]
[PlyCount "68"]
[EventDate "2023.10.28"]
[EventType "team-tourn"]
[EventRounds "9"]
[EventCountry "HUN"]
[Source "chess.hu"]
[WhiteTeam "Aquarena Kobanya SC"]
[BlackTeam "Viadukt Biatorbagy"]
[WhiteTeamCountry "HUN"]
[BlackTeamCountry "HUN"]

1. Nf3 b6 2. g3 Bb7 3. Bg2 g6 4. O-O Bg7 5. d4 Nf6 6. c4 O-O 7. d5 Ne4 8. Qc2
f5 9. Rd1 c6 10. Nd4 cxd5 11. cxd5 Bxd5 12. Nxf5 Rxf5 13. Bxe4 Bxe4 14. Qxe4
Nc6 15. Nc3 Rc8 16. Be3 e6 17. Rac1 Qe8 18. Qa4 Ra5 19. Qb3 Re5 20. Bf4 Rh5 21.
Ne4 Nd4 22. Qd3 Rxc1 23. Rxc1 Nc6 24. b3 Rd5 25. Qc2 Qf8 26. Be3 Qa3 27. Kg2
Qe7 28. h4 Rf5 29. Rd1 Be5 30. Bg5 Qe8 31. Nd6 Bxd6 32. Rxd6 Qf8 33. Rxd7 Rxf2+
34. Kh3 Rh2+ 1/2-1/2

[Event "Szuperliga - GM Szabo Laszlo"]
[Site "Biatorbagy"]
[Date "2024.02.18"]
[Round "4.8"]
[White "Fodor, Istvan"]
[Black "Krizsany, Laszlo"]
[Result "1-0"]
[WhiteElo "2323"]
[BlackElo "2346"]
[PlyCount "83"]
[EventDate "2023.10.28"]
[EventType "team-tourn"]
[EventRounds "9"]
[EventCountry "HUN"]
[Source "chess.hu"]
[WhiteTeam "Viadukt Biatorbagy"]
[BlackTeam "Aquarena Kobanya SC"]
[WhiteTeamCountry "HUN"]
[BlackTeamCountry "HUN"]

1. d4 f5 2. g3 Nf6 3. Bg2 g6 4. Nf3 Bg7 5. O-O O-O 6. c4 d6 7. Nc3 Qe8 8. b3 e5
9. dxe5 dxe5 10. e4 Nc6 11. Nd5 Qd7 12. exf5 e4 13. Nh4 gxf5 14. Bb2 Nxd5 15.
Bxg7 Qxg7 16. Qxd5+ Kh8 17. Rad1 Qf6 18. Qd2 Re8 19. Qf4 Re7 20. Rfe1 Kg7 21.
f3 e3 22. Rxe3 Rxe3 23. Qxe3 f4 24. Qe4 Be6 25. Bf1 fxg3 26. hxg3 Rf8 27. Bd3
Bg8 28. Bc2 Rf7 29. Nf5+ Kh8 30. a3 h6 31. Qh4 Bh7 32. Qxf6+ Rxf6 33. g4 h5 34.
Kg2 Re6 35. Kf2 hxg4 36. fxg4 Bxf5 37. Bxf5 Re7 38. Kf3 Na5 39. Rd3 c5 40. Kf4
Nc6 41. Kg5 Nd4 42. Kf6 1-0

[Event "Szuperliga - GM Szabo Laszlo"]
[Site "Biatorbagy"]
[Date "2024.02.18"]
[Round "4.9"]
[White "Havanecz, Bianka"]
[Black "Szikszai, Bertalan"]
[Result "0-1"]
[WhiteElo "2194"]
[BlackElo "2305"]
[PlyCount "80"]
[EventDate "2023.10.28"]
[EventType "team-tourn"]
[EventRounds "9"]
[EventCountry "HUN"]
[Source "chess.hu"]
[WhiteTeam "Aquarena Kobanya SC"]
[BlackTeam "Viadukt Biatorbagy"]
[WhiteTeamCountry "HUN"]
[BlackTeamCountry "HUN"]

1. d4 Nf6 2. c4 g6 3. Nf3 Bg7 4. g3 O-O 5. Bg2 d5 6. cxd5 Nxd5 7. O-O Nb6 8.
Nc3 Nc6 9. e3 Re8 10. a4 a5 11. Re1 e5 12. d5 Nb4 13. e4 c6 14. Bg5 f6 15. Be3
cxd5 16. Bxb6 Qxb6 17. exd5 Bf5 18. Nh4 Bc2 19. Qd2 Qd4 20. Nf3 Qxd2 21. Nxd2
f5 22. Nc4 e4 23. Ne3 Rac8 24. Rec1 Bb3 25. Bf1 Nd3 26. Rcb1 Bf8 27. Nb5 Red8
28. Be2 Bxd5 29. Nxd5 Rxd5 30. Bd1 Kg7 31. Bb3 Rdd8 32. Kg2 Bc5 33. f3 exf3+
34. Kxf3 Ne5+ 35. Ke2 Ng4 36. h3 Re8+ 37. Kd2 Nf2 38. g4 Bb4+ 39. Nc3 Rcd8+ 40.
Kc2 Re2+ 0-1

[Event "Szuperliga - GM Szabo Laszlo"]
[Site "Biatorbagy"]
[Date "2024.02.18"]
[Round "4.10"]
[White "Toth-Goczo, Melinda"]
[Black "Foldes, Marton Gabor"]
[Result "0-1"]
[WhiteElo "2201"]
[BlackElo "2119"]
[PlyCount "60"]
[EventDate "2023.10.28"]
[EventType "team-tourn"]
[EventRounds "9"]
[EventCountry "HUN"]
[Source "chess.hu"]
[WhiteTeam "Viadukt Biatorbagy"]
[BlackTeam "Aquarena Kobanya SC"]
[WhiteTeamCountry "HUN"]
[BlackTeamCountry "HUN"]

1. d4 Nf6 2. c4 e6 3. Nf3 b6 4. g3 Ba6 5. b3 Bb4+ 6. Bd2 Be7 7. Nc3 O-O 8. Bg2
c6 9. O-O d5 10. cxd5 cxd5 11. Ne5 Bb7 12. Rc1 Nbd7 13. Bf4 Nh5 14. Rc2 Nxf4
15. gxf4 f6 16. Nd3 f5 17. Nb5 Rf6 18. Qc1 a6 19. Nc7 Rc8 20. Rd1 Bd6 21. Nxd5
Rg6 22. Rxc8 Bxc8 23. Qc6 exd5 24. Qxd5+ Kh8 25. Rc1 Nf6 26. Qa8 Bc7 27. Ne5
Rxg2+ 28. Qxg2 Bxe5 29. fxe5 Ne4 30. Qf3 Qg5+ 0-1

[Event "Szuperliga - GM Szabo Laszlo"]
[Site "Budapest"]
[Date "2024.03.03"]
[Round "5.1"]
[White "Stevic, Hrvoje"]
[Black "Erdos, Viktor"]
[Result "1/2-1/2"]
[WhiteElo "2544"]
[BlackElo "2552"]
[PlyCount "60"]
[EventDate "2023.10.28"]
[EventType "team-tourn"]
[EventRounds "9"]
[EventCountry "HUN"]
[Source "chess.hu"]
[WhiteTeam "Dunaharaszti MTK"]
[BlackTeam "Aquarena Kobanya SC"]
[WhiteTeamCountry "HUN"]
[BlackTeamCountry "HUN"]

1. e4 e5 2. Nf3 Nc6 3. Nc3 Nf6 4. d4 exd4 5. Nxd4 Bb4 6. Nxc6 bxc6 7. Bd3 O-O
8. O-O d5 9. exd5 Bg4 10. f3 Bh5 11. Bg5 cxd5 12. Nxd5 Qxd5 13. Bxf6 Qc5+ 14.
Kh1 gxf6 15. a3 Ba5 16. b4 Bxb4 17. axb4 Qxb4 18. Ra6 Bg6 19. Qa1 Rfd8 20. Qxf6
Rxd3 21. cxd3 Bxd3 22. Qc6 Bxf1 23. Qxa8+ Kg7 24. Rxa7 Bxg2+ 25. Kxg2 Qd2+ 26.
Kh3 Qh6+ 27. Kg2 Qd2+ 28. Kh3 Qh6+ 29. Kg2 Qd2+ 30. Kh3 Qh6+ 1/2-1/2

[Event "Szuperliga - GM Szabo Laszlo"]
[Site "Budapest"]
[Date "2024.03.03"]
[Round "5.2"]
[White "Livaic, Leon"]
[Black "Grigoriants, Sergey"]
[Result "1/2-1/2"]
[WhiteElo "2558"]
[BlackElo "2534"]
[PlyCount "89"]
[EventDate "2023.10.28"]
[EventType "team-tourn"]
[EventRounds "9"]
[EventCountry "HUN"]
[Source "chess.hu"]
[WhiteTeam "Aquarena Kobanya SC"]
[BlackTeam "Dunaharaszti MTK"]
[WhiteTeamCountry "HUN"]
[BlackTeamCountry "HUN"]

1. d4 Nf6 2. c4 e6 3. g3 Bb4+ 4. Bd2 Bxd2+ 5. Nxd2 d6 6. Bg2 e5 7. Ngf3 e4 8.
Ng5 e3 9. Nde4 exf2+ 10. Nxf2 Ng4 11. Nxg4 Qxg5 12. Nf2 Nc6 13. O-O h5 14. Qd3
h4 15. Bxc6+ bxc6 16. Qe4+ Kd8 17. Qf4 Qxf4 18. gxf4 d5 19. Nd3 f6 20. Rac1 Bh3
21. Rf3 Bf5 22. Nb4 Re8 23. Kf2 Bg4 24. Nxc6+ Kd7 25. cxd5 Kd6 26. Nb4 Rab8 27.
Rc6+ Kd7 28. Nd3 Rb6 29. Re3 Rxe3 30. Kxe3 Rxc6 31. dxc6+ Kxc6 32. b3 Kd5 33.
Nb4+ Kd6 34. Kd3 c5 35. Nc2 g5 36. fxg5 fxg5 37. e4 cxd4 38. Kxd4 Bc8 39. Ne3
g4 40. e5+ Ke7 41. Ke4 g3 42. hxg3 hxg3 43. Kf3 Ke6 44. Nc4 Ba6 45. Na5 1/2-1/2

[Event "Szuperliga - GM Szabo Laszlo"]
[Site "Budapest"]
[Date "2024.03.03"]
[Round "5.3"]
[White "Jovanovic, Zoran"]
[Black "Samunenkov, Ihor"]
[Result "1/2-1/2"]
[WhiteElo "2529"]
[BlackElo "2544"]
[PlyCount "53"]
[EventDate "2023.10.28"]
[EventType "team-tourn"]
[EventRounds "9"]
[EventCountry "HUN"]
[Source "chess.hu"]
[WhiteTeam "Dunaharaszti MTK"]
[BlackTeam "Aquarena Kobanya SC"]
[WhiteTeamCountry "HUN"]
[BlackTeamCountry "HUN"]

1. e4 c6 2. Nf3 d5 3. Nc3 dxe4 4. Nxe4 Nf6 5. Qe2 Na6 6. d4 Nxe4 7. Qxe4 Qd5 8.
Qxd5 cxd5 9. Ne5 Nb8 10. Bb5+ Nd7 11. Bf4 e6 12. a4 f6 13. Nxd7 Bxd7 14. Kd2 a6
15. Bd3 Kf7 16. h4 Re8 17. Rae1 h5 18. c3 g6 19. Re3 Be7 20. a5 Rc8 21. Bc2 Bb5
22. Rhe1 Rc6 23. Rf3 Bd8 24. Ra1 Be7 25. Re1 Bd8 26. Ra1 Be7 27. Re1 1/2-1/2

[Event "Szuperliga - GM Szabo Laszlo"]
[Site "Budapest"]
[Date "2024.03.03"]
[Round "5.4"]
[White "Berczes, David"]
[Black "Gonda, Laszlo"]
[Result "1/2-1/2"]
[WhiteElo "2416"]
[BlackElo "2485"]
[PlyCount "49"]
[EventDate "2023.10.28"]
[EventType "team-tourn"]
[EventRounds "9"]
[EventCountry "HUN"]
[Source "chess.hu"]
[WhiteTeam "Aquarena Kobanya SC"]
[BlackTeam "Dunaharaszti MTK"]
[WhiteTeamCountry "HUN"]
[BlackTeamCountry "HUN"]

1. d4 Nf6 2. c4 e6 3. Nf3 d5 4. Nc3 c6 5. e3 Nbd7 6. Qc2 Bd6 7. b3 O-O 8. Be2
b6 9. O-O Bb7 10. Bb2 Rc8 11. Rad1 c5 12. dxc5 Nxc5 13. cxd5 Nce4 14. dxe6 Nxc3
15. Bxc3 Ne4 16. Bc4 Nxc3 17. Qxc3 Bxf3 18. gxf3 Qg5+ 19. Kh1 Qh5 20. Rxd6
Qxf3+ 21. Kg1 Qg4+ 22. Kh1 Qf3+ 23. Kg1 Qg4+ 24. Kh1 Qf3+ 25. Kg1 1/2-1/2

[Event "Szuperliga - GM Szabo Laszlo"]
[Site "Budapest"]
[Date "2024.03.03"]
[Round "5.5"]
[White "Csiki, Endre"]
[Black "Karacsonyi, Gellert"]
[Result "1/2-1/2"]
[WhiteElo "2278"]
[BlackElo "2386"]
[PlyCount "61"]
[EventDate "2023.10.28"]
[EventType "team-tourn"]
[EventRounds "9"]
[EventCountry "HUN"]
[Source "chess.hu"]
[WhiteTeam "Dunaharaszti MTK"]
[BlackTeam "Aquarena Kobanya SC"]
[WhiteTeamCountry "HUN"]
[BlackTeamCountry "HUN"]

1. d4 d5 2. Bf4 Nf6 3. e3 c5 4. Nf3 e6 5. Nbd2 Bd6 6. dxc5 Bxc5 7. Bd3 O-O 8.
O-O b6 9. Qe2 Bb7 10. e4 Nh5 11. Bg5 f6 12. Be3 Qd6 13. exd5 exd5 14. Nd4 g6
15. N2b3 Nd7 16. Qg4 Ng7 17. Nb5 Qe7 18. Rfe1 Ne5 19. Qg3 a6 20. N5d4 Qf7 21.
Be2 Bc8 22. f4 Nc4 23. Bxc4 dxc4 24. Nxc5 bxc5 25. Nf3 Nf5 26. Qf2 Nxe3 27.
Qxe3 Bb7 28. Qxc5 Bxf3 29. gxf3 Rac8 30. Qe7 c3 31. b3 1/2-1/2

[Event "Szuperliga - GM Szabo Laszlo"]
[Site "Budapest"]
[Date "2024.03.03"]
[Round "5.6"]
[White "Szabo, Bence"]
[Black "Popovics, Adam"]
[Result "1/2-1/2"]
[WhiteElo "2340"]
[BlackElo "2368"]
[PlyCount "70"]
[EventDate "2023.10.28"]
[EventType "team-tourn"]
[EventRounds "9"]
[EventCountry "HUN"]
[Source "chess.hu"]
[WhiteTeam "Aquarena Kobanya SC"]
[BlackTeam "Dunaharaszti MTK"]
[WhiteTeamCountry "HUN"]
[BlackTeamCountry "HUN"]

1. Nf3 d5 2. g3 Nd7 3. d4 Nb6 4. Bg2 Bf5 5. a4 a5 6. O-O e6 7. Na3 Nf6 8. Bf4
Bd6 9. Ne5 O-O 10. Nb5 Rc8 11. Bd2 Bb4 12. c3 Be7 13. c4 Nxc4 14. Nxc4 dxc4 15.
Bxb7 Rb8 16. Bg2 c5 17. Bf4 Rc8 18. Na7 Qxd4 19. Nxc8 Rxc8 20. Qc1 Nd5 21. Bd2
Nb4 22. Bc3 Qd7 23. Qf4 Nc2 24. Rfd1 Qe8 25. Qxc4 Nxa1 26. Rxa1 Rb8 27. Qa6 Bd8
28. Bxa5 Bxa5 29. Qxa5 Rxb2 30. Qxc5 Qb8 31. Bf3 Bh3 32. Qc1 Rb6 33. a5 Ra6 34.
Qc4 Rxa5 35. Rc1 h6 1/2-1/2

[Event "Szuperliga - GM Szabo Laszlo"]
[Site "Budapest"]
[Date "2024.03.03"]
[Round "5.7"]
[White "Papp, Petra"]
[Black "Krizsany, Laszlo"]
[Result "1/2-1/2"]
[WhiteElo "2267"]
[BlackElo "2341"]
[PlyCount "62"]
[EventDate "2023.10.28"]
[EventType "team-tourn"]
[EventRounds "9"]
[EventCountry "HUN"]
[Source "chess.hu"]
[WhiteTeam "Dunaharaszti MTK"]
[BlackTeam "Aquarena Kobanya SC"]
[WhiteTeamCountry "HUN"]
[BlackTeamCountry "HUN"]

1. e4 c6 2. d4 d5 3. Nc3 dxe4 4. Nxe4 Bf5 5. Ng3 Bg6 6. h4 h6 7. Nf3 Nd7 8. h5
Bh7 9. Bd3 Bxd3 10. Qxd3 e6 11. Bd2 Ngf6 12. O-O-O Qc7 13. Kb1 O-O-O 14. Ne4
Nxe4 15. Qxe4 Nf6 16. Qe2 Bd6 17. c4 c5 18. Bc3 Rhe8 19. g3 a6 20. Qe3 Qc6 21.
Rh4 cxd4 22. Bxd4 Bc7 23. Qe2 Rd7 24. Rhh1 Red8 25. b3 Qe4+ 26. Qxe4 Nxe4 27.
Kc2 f6 28. a4 e5 29. Be3 Rxd1 30. Rxd1 Rxd1 31. Kxd1 Kd7 1/2-1/2

[Event "Szuperliga - GM Szabo Laszlo"]
[Site "Budapest"]
[Date "2024.03.03"]
[Round "5.8"]
[White "Polyik, Peter"]
[Black "Borocz, Istvan"]
[Result "1/2-1/2"]
[WhiteElo "2295"]
[BlackElo "2314"]
[PlyCount "56"]
[EventDate "2023.10.28"]
[EventType "team-tourn"]
[EventRounds "9"]
[EventCountry "HUN"]
[Source "chess.hu"]
[WhiteTeam "Aquarena Kobanya SC"]
[BlackTeam "Dunaharaszti MTK"]
[WhiteTeamCountry "HUN"]
[BlackTeamCountry "HUN"]

1. d4 Nf6 2. c4 g6 3. Nc3 Bg7 4. e4 d6 5. Be2 O-O 6. Nf3 e5 7. Be3 Bg4 8. d5
Nfd7 9. Nd2 Bxe2 10. Qxe2 f5 11. f3 Bh6 12. exf5 gxf5 13. O-O-O Bxe3 14. Qxe3
Na6 15. g4 fxg4 16. Rhg1 Ndc5 17. Rxg4+ Kh8 18. Rdg1 Qe7 19. Nce4 Rg8 20. Qh6
Rxg4 21. Rxg4 Rg8 22. Rxg8+ Kxg8 23. Nf6+ Kh8 24. Nxh7 Qxh7 25. Qf8+ Qg8 26.
Qh6+ Qh7 27. Qf8+ Qg8 28. Qh6+ Qh7 1/2-1/2

[Event "Szuperliga - GM Szabo Laszlo"]
[Site "Budapest"]
[Date "2024.03.03"]
[Round "5.9"]
[White "Lorand, Norbert"]
[Black "Havanecz, Bianka"]
[Result "1/2-1/2"]
[WhiteElo "2251"]
[BlackElo "2187"]
[PlyCount "79"]
[EventDate "2023.10.28"]
[EventType "team-tourn"]
[EventRounds "9"]
[EventCountry "HUN"]
[Source "chess.hu"]
[WhiteTeam "Dunaharaszti MTK"]
[BlackTeam "Aquarena Kobanya SC"]
[WhiteTeamCountry "HUN"]
[BlackTeamCountry "HUN"]

1. e4 c6 2. d4 d5 3. Nc3 dxe4 4. Nxe4 Nf6 5. Nxf6+ exf6 6. c3 Bd6 7. Bd3 O-O 8.
Qc2 Re8+ 9. Ne2 h5 10. Be3 Nd7 11. O-O-O h4 12. g3 h3 13. Bf4 Nf8 14. f3 b5 15.
d5 Bxf4+ 16. Nxf4 Qb6 17. dxc6 Be6 18. Rhe1 a5 19. Be4 Rad8 20. Kb1 Qc5 21. g4
Qc4 22. b3 Qc5 23. Nxh3 b4 24. c4 a4 25. Nf4 axb3 26. axb3 Ra8 27. Nd3 Qa5 28.
Qb2 f5 29. gxf5 Bxf5 30. Nf4 Bxe4+ 31. fxe4 f6 32. Nd5 Re5 33. Rg1 Kf7 34. Rdf1
Re6 35. e5 Rxc6 36. exf6 g6 37. Ne3 Rca6 38. Nc2 Ne6 39. h4 Qh5 40. Rg2 1/2-1/2

[Event "Szuperliga - GM Szabo Laszlo"]
[Site "Budapest"]
[Date "2024.03.03"]
[Round "5.10"]
[White "Karacsonyi, Kata"]
[Black "Baski, Barnabas"]
[Result "0-1"]
[WhiteElo "2137"]
[BlackElo "2147"]
[PlyCount "104"]
[EventDate "2023.10.28"]
[EventType "team-tourn"]
[EventRounds "9"]
[EventCountry "HUN"]
[Source "chess.hu"]
[WhiteTeam "Aquarena Kobanya SC"]
[BlackTeam "Dunaharaszti MTK"]
[WhiteTeamCountry "HUN"]
[BlackTeamCountry "HUN"]

1. e4 e5 2. Nf3 Nc6 3. Bb5 a6 4. Ba4 Nf6 5. d3 d6 6. c3 g6 7. O-O Bg7 8. Re1
O-O 9. Nbd2 Nh5 10. Nf1 h6 11. h3 Qf6 12. Be3 Nf4 13. Ng3 h5 14. Bxc6 bxc6 15.
d4 Rb8 16. b3 h4 17. dxe5 dxe5 18. Bxf4 Qxf4 19. Nf1 Be6 20. Qc1 Rfd8 21. c4
Rd3 22. Qxf4 exf4 23. Rad1 Rbd8 24. Rxd3 Rxd3 25. N1h2 Rc3 26. Ng4 Rc2 27. Rd1
Rxa2 28. Rd8+ Bf8 29. Nf6+ Kg7 30. Ne8+ Kh6 31. Nxc7 Bc5 32. Rd2 Ra1+ 33. Kh2
Rf1 34. Nd4 Bb4 35. Rd3 Rxf2 36. Ndxe6 fxe6 37. Nxe6 g5 38. Kg1 Re2 39. c5 Rxe4
40. Rd6 Re5 41. Rxc6 Kh7 42. Kf2 Kg8 43. Rc8+ Kf7 44. c6 Rxe6 45. Kf3 Ba5 46.
Kg4 Re8 47. Rxe8 Kxe8 48. Kxg5 Be1 49. Kxf4 Kd8 50. Ke4 Kc7 51. Kd5 Bf2 52. b4
Bg1 0-1

[Event "Szuperliga - GM Szabo Laszlo"]
[Site "Gyongyossolymos"]
[Date "2024.03.03"]
[Round "5.1"]
[White "Mazur, Stefan"]
[Black "Horvath, Jozsef"]
[Result "1-0"]
[WhiteElo "2443"]
[BlackElo "2410"]
[PlyCount "187"]
[EventDate "2023.10.28"]
[EventType "team-tourn"]
[EventRounds "9"]
[EventCountry "HUN"]
[Source "chess.hu"]
[WhiteTeam "Viadukt Biatorbagy"]
[BlackTeam "Kekesi SE"]
[WhiteTeamCountry "HUN"]
[BlackTeamCountry "HUN"]

1. e4 c5 2. Nf3 e6 3. b3 a6 4. Bb2 Nc6 5. c4 Nf6 6. Nc3 e5 7. g3 d6 8. Bg2 g6
9. O-O Bg7 10. d3 O-O 11. Nd5 Bg4 12. Qd2 b5 13. Ne3 Bd7 14. Kh1 Ra7 15. Ng1
Nd4 16. Bh3 Bc6 17. Nd5 Nxd5 18. cxd5 Bd7 19. f4 exf4 20. Qxf4 Bxh3 21. Nxh3 f5
22. Bxd4 Bxd4 23. Rae1 Re7 24. Ng5 fxe4 25. Qxf8+ Qxf8 26. Rxf8+ Kxf8 27. Rxe4
Rxe4 28. Nxe4 Ke7 29. Kg2 h5 30. Kf3 Be5 31. h3 Kf7 32. g4 Ke7 33. Ng5 Kf6 34.
Ne6 hxg4+ 35. hxg4 Bc3 36. Ke4 Ba5 37. d4 cxd4 38. Kxd4 Bb6+ 39. Ke4 Ke7 40.
Kf4 Kf6 41. Nf8 Kf7 42. Ne6 Kf6 43. a4 bxa4 44. bxa4 Ba5 45. Nd4 Bd2+ 46. Ke4
Bc3 47. Nc6 Kg5 48. Kf3 Kf6 49. Kf4 Bd2+ 50. Ke4 Kg5 51. Kf3 Kf6 52. Ke2 Bc3
53. Kd3 Be1 54. Nd4 Ba5 55. Nf3 Bb4 56. Kc4 Bc5 57. Kb3 Ke7 58. Kc3 Kf7 59. Kd3
Kf6 60. Kc4 Ba3 61. Kc3 Bc5 62. Kc4 Ba3 63. Kd4 Bc5+ 64. Ke4 Bb6 65. Nd2 Ba5
66. Nc4 Bb4 67. Nb6 Ke7 68. Kf4 Bd2+ 69. Kf3 Bb4 70. Ke4 Bc5 71. Nc4 Kf6 72.
Na5 Kg5 73. Kf3 Kf6 74. Nc6 Ba3 75. Kf4 Bc1+ 76. Ke4 Kg5 77. Kf3 Kf6 78. Nb4
Bd2 79. Nxa6 Ke5 80. Nc7 Ba5 81. Ne6 Kxd5 82. Nf4+ Kc4 83. Nxg6 Bd8 84. Nf4 d5
85. Ne6 Be7 86. a5 Kb5 87. Nd4+ Ka6 88. Nb3 Bg5 89. Ke2 Kb5 90. Kd3 Bf6 91. Ke3
Kc4 92. a6 Bd8 93. Kf3 Bb6 94. g5 1-0

[Event "Szuperliga - GM Szabo Laszlo"]
[Site "Gyongyossolymos"]
[Date "2024.03.03"]
[Round "5.2"]
[White "Haring, Filip"]
[Black "Sipos, Istvan"]
[Result "1-0"]
[WhiteElo "2452"]
[BlackElo "2457"]
[PlyCount "75"]
[EventDate "2023.10.28"]
[EventType "team-tourn"]
[EventRounds "9"]
[EventCountry "HUN"]
[Source "chess.hu"]
[WhiteTeam "Kekesi SE"]
[BlackTeam "Viadukt Biatorbagy"]
[WhiteTeamCountry "HUN"]
[BlackTeamCountry "HUN"]

1. e4 e5 2. Nf3 Nc6 3. Bc4 Nf6 4. d3 Be7 5. O-O O-O 6. Re1 d6 7. a4 Be6 8. Nbd2
Qd7 9. a5 b6 10. Bb5 a6 11. Bxc6 Qxc6 12. d4 Qb5 13. b3 Bg4 14. h3 Bxf3 15.
Nxf3 Nd7 16. Bb2 Bf6 17. Ra4 exd4 18. Nxd4 Qe5 19. Qg4 b5 20. Raa1 Qe8 21. f4
Bxd4+ 22. Bxd4 f6 23. Rac1 Rb8 24. Re3 Qf7 25. Rc3 c5 26. Bf2 Rbe8 27. Rd3 f5
28. Qxf5 Qxf5 29. exf5 Nf6 30. Rxd6 Ne4 31. Rxa6 Rxf5 32. Re1 Rxf4 33. Bxc5 Rc8
34. Bd4 Ng5 35. c3 h6 36. b4 Rf7 37. Rb6 Kh7 38. h4 1-0

[Event "Szuperliga - GM Szabo Laszlo"]
[Site "Gyongyossolymos"]
[Date "2024.03.03"]
[Round "5.3"]
[White "Bagi, Mate"]
[Black "Turcan, Richard"]
[Result "1/2-1/2"]
[WhiteElo "2426"]
[BlackElo "2366"]
[PlyCount "53"]
[EventDate "2023.10.28"]
[EventType "team-tourn"]
[EventRounds "9"]
[EventCountry "HUN"]
[Source "chess.hu"]
[WhiteTeam "Viadukt Biatorbagy"]
[BlackTeam "Kekesi SE"]
[WhiteTeamCountry "HUN"]
[BlackTeamCountry "HUN"]

1. e4 c5 2. Nf3 Nc6 3. d4 cxd4 4. Nxd4 Nf6 5. Nc3 d6 6. Bg5 e6 7. Qd2 a6 8.
Nxc6 bxc6 9. O-O-O Be7 10. Bxf6 gxf6 11. Bc4 Bb7 12. Rhe1 Qc7 13. f4 d5 14. Bb3
O-O-O 15. exd5 cxd5 16. Qd4 Qc5 17. Ne2 f5 18. Rd3 Qxd4 19. Nxd4 Bf6 20. g3 h5
21. h4 Rhg8 22. c3 a5 23. Bd1 Rh8 24. Bb3 Rhg8 25. Bd1 Rh8 26. Bb3 Rhg8 27. Bd1
1/2-1/2